05866 2202485 4500001002100000005001500021035002000036007000300056008004100059020002200100082000800122084002000130100003500150245005900185260003300244990001600277990001500293990001600308990001600324990001600340990001600356990001600372990001600388990001600404990001600420990001600436990001600452990001600468990001600484990001600500990001600516990001600532990001600548990001600564990001600580990001600596990001600612990001600628990001600644990001600660990001600676990001600692990001600708990001600724990001600740990001600756990001600772990001600788990001600804990001600820990001600836990001600852990001600868990001600884990001600900990001600916990001600932990001600948990001600964990001600980990001600996990001601012990001601028990001601044990001601060990001601076990001601092990001601108990001601124990001601140990001601156990001601172990001601188990001601204990001601220990001601236990001601252990001601268990001601284990001601300990001601316990001601332990001601348990001601364990001601380990001601396990001601412990001601428990001601444990001601460990001601476990001601492990001601508990001601524990001601540990001601556990001601572990001601588990001601604990001601620990001601636990001601652990001601668990001601684990001601700990001601716990001601732990001601748990001601764990001601780990001601796990001601812990001601828990001601844990001601860990001601876990001601892990001601908990001601924990001601940990001601956990001601972990001601988990001602004990001602020990001602036990001602052990001602068990001602084990001602100990001602116990001602132990001602148990001602164990001602180990001602196990001602212990001602228990001602244990001602260990001602276990001602292990001602308990001602324990001602340990001602356990001602372990001602388990001602404990001602420990001602436990001602452990001602468990001602484990001602500990001602516990001602532990001602548990001602564990001602580990001602596990001602612990001602628990001602644990001602660990001602676990001602692990001602708990001602724990001602740990001602756990001602772990001602788990001602804990001602820990001602836990001602852990001602868990001602884990001602900990001602916990001602932990001602948990001602964990001602980990001602996990001603012990001603028990001603044990001603060990001603076990001603092990001603108990001603124990001603140990001603156990001603172990001603188990001603204990001603220990001603236990001603252990001603268990001603284990001603300990001603316990001603332990001603348990001603364INLIS00000000000059720210609084553 a0010-0621000062ta210609 0 ind  a978-979-8445-79-5 a2X1 a2x1 RUS a c.1920 aKemenag RI, Muh. Rifqi Rusyidi1 aAl-Qur'an Hadits untuk Madrasah Aliyah Kelas XII (MAK) aJakarta :bKemenag RI,c2013 a2013/h/0636 a2013/h/067 a2013/h/0637 a2013/h/0636 a2013/h/0638 a2013/h/0639 a2013/h/0640 a2013/h/0641 a2013/h/0642 a2013/h/0643 a2013/h/0644 a2013/h/0645 a2013/h/0646 a2013/h/0647 a2013/h/0648 a2013/h/0649 a2013/h/0650 a2013/h/0651 a2013/h/0652 a2013/h/0653 a2013/h/0654 a2013/h/0655 a2013/h/0656 a2013/h/0657 a2013/h/0658 a2013/h/0659 a2013/h/0660 a2013/h/0661 a2013/h/0662 a2013/h/0663 a2013/h/0664 a2013/h/0665 a2013/h/0666 a2013/h/0667 a2013/h/0668 a2013/h/0669 a2013/h/0670 a2013/h/0671 a2013/h/0672 a2013/h/0673 a2013/h/0674 a2013/h/0675 a2013/h/0676 a2013/h/0677 a2013/h/0678 a2013/h/0679 a2013/h/0680 a2013/h/0681 a2013/h/0682 a2013/h/0683 a2013/h/0684 a2013/h/0685 a2013/h/0686 a2013/h/0687 a2013/h/0688 a2013/h/0689 a2013/h/0690 a2013/h/0691 a2013/h/0692 a2013/h/0693 a2013/h/0694 a2013/h/0695 a2013/h/0696 a2013/h/0697 a2013/h/0698 a2013/h/0699 a2013/h/0700 a2013/h/0701 a2013/h/0702 a2013/h/0703 a2013/h/0704 a2013/h/0705 a2013/h/0706 a2013/h/0707 a2013/h/0708 a2013/h/0709 a2013/h/0710 a2013/h/0711 a2013/h/0712 a2013/h/0713 a2013/h/0714 a2013/h/0715 a2013/h/0716 a2013/h/0717 a2013/h/0718 a2013/h/0719 a2013/h/0720 a2013/h/0721 a2013/h/0722 a2013/h/0723 a2013/h/0724 a2013/h/0725 a2013/h/0726 a2013/h/0727 a2013/h/0728 a2013/h/0729 a2013/h/0730 a2013/h/0731 a2013/h/0732 a2013/h/0733 a2013/h/0734 a2013/h/0735 a2013/h/0736 a2013/h/0737 a2013/h/0738 a2013/h/0739 a2013/h/0740 a2013/h/0741 a2013/h/0742 a2013/h/0743 a2013/h/0744 a2013/h/0745 a2013/h/0746 a2013/h/0747 a2013/h/0748 a2013/h/0749 a2013/h/0750 a2013/h/0751 a2013/h/0752 a2013/h/0753 a2013/h/0754 a2013/h/0755 a2013/h/0756 a2013/h/0757 a2013/h/0758 a2013/h/0759 a2013/h/0760 a2013/h/0761 a2013/h/0762 a2013/h/0763 a2013/h/0764 a2013/h/0765 a2013/h/0766 a2013/h/0767 a2013/h/0768 a2013/h/0769 a2013/h/0770 a2013/h/0771 a2013/h/0772 a2013/h/0773 a2013/h/0774 a2013/h/0775 a2013/h/0776 a2013/h/0777 a2013/h/0778 a2013/h/0779 a2013/h/0780 a2013/h/0781 a2013/h/0782 a2013/h/0783 a2013/h/0784 a2013/h/0785 a2013/h/0786 a2013/h/0787 a2013/h/0788 a2013/h/0789 a2013/h/0790 a2013/h/0791 a2013/h/0792 a2013/h/0793 a2013/h/0794 a2013/h/0795 a2013/h/0796 a2013/h/0797 a2013/h/0798 a2013/h/0799 a2013/h/0800 a2013/h/0801 a2013/h/0802 a2013/h/0803 a2013/h/0804 a2013/h/0805 a2013/h/0806 a2013/h/0807 a2013/h/0808 a2013/h/0809 a2013/h/0810 a2013/h/0811 a2013/h/0812 a2013/h/0813 a2013/h/0814 a2013/h/0815 a2013/h/0816 a2013/h/0817 a2013/h/0818 a2013/h/0819 a2013/h/0820 a2013/h/0821 a2013/h/0822 a2013/h/0823 a2013/h/0824 a2013/h/0825 a2013/h/0826 a2013/h/0827